header

U.S. activities in Latin America and the Caribbean, 1895-1930's (Record no. 2359)

MARC details
000 -LEADER
fixed length control field 01742nem a2200373 4500
245 00 - TITLE STATEMENT
Title U.S. activities in Latin America and the Caribbean, 1895-1930's
260 ## - PUBLICATION, DISTRIBUTION, ETC. (IMPRINT)
Place of publication [S.l.] :
Name of publisher Magellan Geographix,
Year of publication c1997.
300 ## - PHYSICAL DESCRIPTION
Number of Pages 1 online resource (1 map)
650 #0 - SUBJECT ADDED ENTRY--TOPICAL TERM
Topical Term Intervention (Administrative procedure)
856 40 - ELECTRONIC LOCATION AND ACCESS
Uniform Resource Identifier http://site.ebrary.com/lib/rucke/Doc?id=10002612

No items available.

© 2026 Rongo University
Contact us: librarian | system librarian | Rongo university